000 00508nam a2200193 a 4500
001 1770381888864
003 YourLibrary
005 20260206181647.0
008 260206s1993##################000#0#eng##
020 _a9780820423876
082 0 4 _a306.094897
_bEDE
100 1 _aEdelsward, L. M.,
_eauthor.
245 1 0 _aSauna as Symbol :
260 _bPeter Lang Pub Incorporated,
_c1993.
300 _a267 pages
650 0 _aSocial Science.
942 _cENGLISH
040 _aYourLibrary
_beng
_cYourLibrary
999 _c610752
_d610752